Random Countries by Flag Maps - Statistics

General Stats
  • This quiz has been taken 43 times
  • The average score is 14 of 15
Answer Stats
Picture Answer % Correct
Brazil
100%
France
100%
Sweden
100%
United Kingdom
100%
United States
97%
Canada
95%
India
95%
Saudi Arabia
95%
Norway
92%
South Korea
92%
Malaysia
87%
Mongolia
87%
Taiwan
85%
Algeria
82%
Sudan
77%
No matching quizzes found
Score Distribution
Percent of People with Each Score
Percentile by Number Answered
Your Score History
You have not taken this quiz